| 000 | 00664nam a22002057a 4500 | ||
|---|---|---|---|
| 005 | 2010081701141.0 | ||
| 010 | _aENG-100800 | ||
| 020 |
_a9789380421018 _c70.00 |
||
| 035 | _aEN-84333 | ||
| 037 | _bDBAD/PUB | ||
| 082 | _a587 | ||
| 100 |
_aRajesh, M. _914471 |
||
| 245 |
_aPterydophyta / _cby M.Rajesh |
||
| 260 |
_aThanjavur _bNalakilli Pathippagam _c2009 |
||
| 270 |
_a1271, Sulthanjippa Lane, South Rampart _bThanjavur _e613001 |
||
| 300 |
_a116p.: _bill. _c20cm (pbk) |
||
| 650 |
_aPterydophyta _914472 |
||
| 942 |
_2ddc _cEN _h587 _mRAJ |
||
| 999 |
_c42320 _d42320 |
||